[Event "Kurnosov Memorial 2020"]
[Site "?"]
[Date "2020.09.04"]
[Round "3.5"]
[White "Predke, Alexandr"]
[Black "Gabrielian, Artur"]
[Result "1-0"]
[WhiteElo "2645"]
[BlackElo "2491"]
[PlyCount "129"]
[EventDate "2020.??.??"]

1. d4 Nf6 2. Nf3 e6 3. g3 c5 4. Bg2 cxd4 5. O-O d5 6. Nxd4 Bc5 7. Nb3 Bb6 8. c4
O-O 9. Nc3 dxc4 10. Nd2 Nc6 11. Nxc4 Bc7 12. Nb5 Qe7 13. Nxc7 Qxc7 14. Qd6 Qxd6
15. Nxd6 Rd8 16. Rd1 Nd5 17. Bf4 Nxf4 18. gxf4 Kf8 19. Rd2 a5 20. Rad1 a4 21.
a3 f6 22. Rd3 Ra5 23. Nc4 Rxd3 24. Rxd3 Rc5 25. Nb6 Rc1+ 26. Bf1 Ne7 27. e4 Rc6
28. Rd8+ Kf7 29. Nc4 Rc7 30. Nd6+ Kg6 31. Bb5 h6 32. Bxa4 b6 33. Be8+ Kh7 34.
h4 g6 35. Bb5 Rc5 36. b4 Rc3 37. Re8 Rc7 38. Rf8 Kg7 39. Rf7+ Kg8 40. Rxf6 Bd7
41. Bxd7 Rxd7 42. Rxe6 Nc6 43. Rxg6+ Kh7 44. Rf6 Nd4 45. Nf5 Ne2+ 46. Kh2 Nxf4
47. Rxh6+ Kg8 48. Kg3 Ne2+ 49. Kf3 Nc3 50. Rxb6 Ra7 51. Kf4 Rxa3 52. h5 Ra2 53.
f3 Ra3 54. h6 Ne2+ 55. Kg4 Ra1 56. Kg5 Rg1+ 57. Kf6 Nf4 58. Rb8+ Kh7 59. Rb7+
Kh8 60. b5 Rg6+ 61. Ke5 Nd3+ 62. Kd4 Ne1 63. f4 Rg4 64. b6 Rxf4 65. Rc7 1-0

[Event "Kurnosov Memorial 2020"]
[Site "?"]
[Date "2020.09.04"]
[Round "3.6"]
[White "Belyakov, Bogdan"]
[Black "Sjugirov, Sanan"]
[Result "1/2-1/2"]
[WhiteElo "2497"]
[BlackElo "2640"]
[PlyCount "60"]
[EventDate "2020.??.??"]

1. e4 c5 2. c3 Nf6 3. e5 Nd5 4. Bc4 Nb6 5. Bb3 Nc6 6. Nf3 d5 7. exd6 c4 8. Bc2
Qxd6 9. O-O Bg4 10. h3 Bh5 11. Re1 e6 12. b3 Qd8 13. Na3 cxb3 14. axb3 Be7 15.
Nc4 Nd5 16. Ne3 Nxe3 17. Rxe3 O-O 18. Ba3 Bxa3 19. Rxa3 a5 20. Be4 Qd6 21. Qa1
Bxf3 22. Bxf3 Rad8 23. Bxc6 Qxc6 24. Rxa5 Rxd2 25. Ra8 Rc8 26. Rxc8+ Qxc8 27.
Qa5 g6 28. c4 Qd7 29. Qe5 h5 30. Rf3 Rd1+ 1/2-1/2

[Event "Kurnosov Memorial 2020"]
[Site "?"]
[Date "2020.09.04"]
[Round "3.7"]
[White "Demidov, Mikhail"]
[Black "Bryakin, Mikhail"]
[Result "1-0"]
[WhiteElo "2636"]
[BlackElo "2476"]
[PlyCount "85"]
[EventDate "2020.??.??"]

1. Nf3 d5 2. d4 Nf6 3. Bf4 c5 4. dxc5 e6 5. e3 Bxc5 6. Be2 O-O 7. O-O b6 8. c4
Bb7 9. Nc3 Nbd7 10. a3 dxc4 11. Bxc4 Nh5 12. Qe2 Nxf4 13. exf4 Qf6 14. g3 Rfd8
15. Ba6 Bxa6 16. Qxa6 Bf8 17. Rad1 Nc5 18. Qe2 Rxd1 19. Rxd1 Rd8 20. Ne5 Rxd1+
21. Qxd1 Qe7 22. b4 Nb7 23. Qf3 Nd8 24. Qa8 f6 25. Nc6 Nxc6 26. Qxc6 Qd6 27.
Qc4 Kf7 28. Nb5 Qd1+ 29. Kg2 Qd7 30. f5 Qb7+ 31. Kg1 Qd5 32. Qxd5 exd5 33. Nxa7
Bd6 34. f4 Bb8 35. Nb5 Ke7 36. Kf2 Kd7 37. Ke3 h5 38. h4 Kc6 39. a4 Kd7 40. Kd3
Bd6 41. Nxd6 Kxd6 42. Kd4 Kc6 43. a5 1-0

[Event "Kurnosov Memorial 2020"]
[Site "?"]
[Date "2020.09.04"]
[Round "3.8"]
[White "Salemgareev, Tagir"]
[Black "Chigaev, Maksim"]
[Result "0-1"]
[WhiteElo "2488"]
[BlackElo "2635"]
[PlyCount "78"]
[EventDate "2020.??.??"]

1. d4 Nf6 2. c4 g6 3. Nc3 d5 4. cxd5 Nxd5 5. e4 Nxc3 6. bxc3 Bg7 7. Nf3 c5 8.
Be3 Bg4 9. Qd2 Bxf3 10. gxf3 e6 11. Rb1 cxd4 12. cxd4 O-O 13. Rxb7 Nc6 14. Bg2
Bxd4 15. O-O Bxe3 16. Qxe3 Rb8 17. Rxb8 Qxb8 18. f4 Rd8 19. h4 Nd4 20. Rd1 Qd6
21. Kh1 e5 22. fxe5 Qxe5 23. f4 Qf6 24. Qf2 Ne6 25. Rxd8+ Qxd8 26. Qxa7 Qxh4+
27. Kg1 Nxf4 28. Qe3 Qg5 29. Qf3 Nxg2 30. Qxg2 Qxg2+ 31. Kxg2 Kf8 32. a4 Ke8
33. e5 h5 34. Kf3 g5 35. a5 Kd8 36. Ke4 h4 37. a6 Kc8 38. a7 Kb7 39. a8=Q+ Kxa8
0-1

[Event "Kurnosov Memorial 2020"]
[Site "?"]
[Date "2020.09.04"]
[Round "3.9"]
[White "Demchenko, Anton"]
[Black "Frolyanov, Dmitry"]
[Result "1-0"]
[WhiteElo "2631"]
[BlackElo "2471"]
[PlyCount "71"]
[EventDate "2020.??.??"]

1. d4 d5 2. Nf3 Nf6 3. Bf4 e6 4. e3 c5 5. Nbd2 Nc6 6. c3 Bd6 7. Bg3 O-O 8. Bd3
b6 9. e4 Be7 10. e5 Nh5 11. Ng5 Bxg5 12. Qxh5 g6 13. Qe2 cxd4 14. h4 Bh6 15. h5
dxc3 16. bxc3 Bg7 17. Nf3 Bd7 18. Kf1 Qc7 19. Qe3 Ne7 20. Rc1 Nf5 21. Bxf5 exf5
22. Kg1 Qc5 23. Qd2 Rfe8 24. Bf4 Rac8 25. Bh6 Bh8 26. Be3 Qe7 27. Bg5 Qf8 28.
Bf6 Bg7 29. hxg6 fxg6 30. Ng5 Be6 31. Nxh7 Qa3 32. Qg5 Rxc3 33. Rxc3 Qxc3 34.
Bxg7 Qe1+ 35. Kh2 Qxf2 36. Nf6+ 1-0

[Event "Kurnosov Memorial 2020"]
[Site "?"]
[Date "2020.09.04"]
[Round "3.10"]
[White "Faizrakhmanov, Ramil"]
[Black "Esipenko, Andrey"]
[Result "0-1"]
[WhiteElo "2472"]
[BlackElo "2629"]
[PlyCount "60"]
[EventDate "2020.??.??"]

1. d4 Nf6 2. c4 e6 3. Nf3 b6 4. g3 Ba6 5. b3 Bb4+ 6. Bd2 Be7 7. Nc3 d5 8. cxd5
exd5 9. Bg2 O-O 10. O-O Nbd7 11. Bc1 Bb4 12. Bb2 Re8 13. Re1 Bb7 14. Qc2 a6 15.
a3 Bd6 16. Nd2 c5 17. e4 cxd4 18. Nxd5 Rc8 19. Qd3 Ne5 20. Qb1 d3 21. f4 Nxd5
22. exd5 Rc2 23. Ne4 Bc5+ 24. Nxc5 Rxg2+ 25. Kxg2 Qxd5+ 26. Ne4 Ng4 27. Qc1
Rxe4 28. Rxe4 Qxe4+ 29. Kh3 Nf2+ 30. Kh4 Qe7+ 0-1

[Event "Kurnosov Memorial 2020"]
[Site "?"]
[Date "2020.09.04"]
[Round "3.11"]
[White "Lysyj, Igor"]
[Black "Makhmutov, Rail"]
[Result "1-0"]
[WhiteElo "2626"]
[BlackElo "2456"]
[PlyCount "65"]
[EventDate "2020.??.??"]

1. d4 Nf6 2. c4 e6 3. Nf3 d5 4. g3 Bb4+ 5. Bd2 Be7 6. Bg2 O-O 7. O-O Nbd7 8.
Qc2 Ne4 9. a3 c6 10. Bb4 b6 11. Bxe7 Qxe7 12. Nbd2 Nxd2 13. Nxd2 Ba6 14. b4
Rac8 15. Qb3 Bxc4 16. Nxc4 dxc4 17. Qxc4 c5 18. Rfc1 g6 19. dxc5 bxc5 20. Qa6
Nb8 21. Qa5 cxb4 22. axb4 a6 23. Rc5 Rxc5 24. bxc5 Rc8 25. Rb1 Nc6 26. Qxa6 Qd7
27. Qa4 h5 28. Rd1 Qb7 29. h4 Rc7 30. Rd8+ Kh7 31. Kh2 Nxd8 32. Bxb7 Rxb7 33.
Qe8 1-0

[Event "Kurnosov Memorial 2020"]
[Site "?"]
[Date "2020.09.04"]
[Round "3.12"]
[White "Matinian, Nikita"]
[Black "Sarana, Alexey"]
[Result "1/2-1/2"]
[WhiteElo "2455"]
[BlackElo "2618"]
[PlyCount "332"]
[EventDate "2020.??.??"]

1. e4 c5 2. Nf3 d6 3. d4 cxd4 4. Nxd4 Nf6 5. Nc3 a6 6. h3 b5 7. a4 b4 8. Nd5 e6
9. Nxf6+ Qxf6 10. g4 Bb7 11. Bg2 Nc6 12. Nxc6 Bxc6 13. O-O Qd8 14. Be3 Be7 15.
Qd2 a5 16. c4 b3 17. Rfd1 O-O 18. Qc3 Qb8 19. Rd3 Bf6 20. Bd4 e5 21. Be3 Be7
22. Qxb3 Qxb3 23. Rxb3 Rfb8 24. Rxb8+ Rxb8 25. Bd2 Rxb2 26. Bxa5 Kf8 27. Be1
Ke8 28. a5 Kd7 29. a6 Bd8 30. a7 Ba8 31. c5 f6 32. cxd6 Rb7 33. Bf1 Bb6 34.
Bb5+ Kxd6 35. Bb4+ Kc7 36. Rc1+ Kd8 37. Rc6 Bxf2+ 38. Kxf2 Rxb5 39. Rc4 Kd7 40.
Bf8 g6 41. Bg7 Rb6 42. g5 fxg5 43. Bxe5 Ra6 44. Bb8 h5 45. Ke3 Ra3+ 46. Kd4
Rxh3 47. Rc7+ Ke6 48. Rg7 g4 49. Be5 Ra3 50. Rxg6+ Kf7 51. Rg7+ Ke6 52. Rg6+
Kf7 53. Rf6+ Ke7 54. Rh6 Ra4+ 55. Kc5 Bxe4 56. Rxh5 Ke6 57. Bc7 Rxa7 58. Re5+
Kf6 59. Bb8 Ra4 60. Re8 Bg6 61. Re1 Ra3 62. Kd4 Rd3+ 63. Kc4 Bf5 64. Rf1 Ra3
65. Bd6 Re3 66. Kd4 Rd3+ 67. Kc5 Kg5 68. Rg1 Be4 69. Bg3 Kf5 70. Kc4 Ra3 71.
Kd4 Rd3+ 72. Kc4 Rd2 73. Kc3 Rd7 74. Rf1+ Kg5 75. Bf4+ Kg6 76. Rg1 Bf3 77. Bg3
Be2 78. Rg2 Bf1 79. Rg1 Rd3+ 80. Kc2 Be2 81. Rg2 Bf1 82. Rg1 Rf3 83. Kd2 Kf5
84. Bb8 Ba6 85. Rg3 Rf2+ 86. Ke1 Re2+ 87. Kd1 Rb2 88. Bc7 Rb7 89. Rc3 Rb1+ 90.
Kd2 Rf1 91. Rc6 Rf2+ 92. Ke1 Re2+ 93. Kd1 Ra2 94. Rc2 Ra3 95. Rc5+ Ke4 96. Rg5
Bc8 97. Rg7 Bf5 98. Bb8 Ke3 99. Re7+ Be4 100. Ba7+ Kf3 101. Rf7+ Kg2 102. Bb8
Ra8 103. Bf4 Rg8 104. Ra7 g3 105. Be5 Re8 106. Ra5 Kh3 107. Bxg3 Kxg3 108. Kd2
Kf4 109. Ra3 Rb8 110. Rh3 Ke5 111. Ra3 Rh8 112. Ra5+ Bd5 113. Ke2 Kd4 114. Ra4+
Bc4+ 115. Kf3 Rf8+ 116. Kg4 Kd5 117. Rb4 Be2+ 118. Kg3 Ke5 119. Ra4 Bd3 120.
Rb4 Be4 121. Rb5+ Bd5 122. Ra5 Rf3+ 123. Kg4 Rf2 124. Ra3 Rf8 125. Ra5 Rg8+
126. Kh4 Ke4 127. Kh5 Bf7+ 128. Kh6 Kf4 129. Ra7 Be6 130. Rg7 Rh8+ 131. Kg6
Bf5+ 132. Kf6 Rh6+ 133. Kf7 Ke5 134. Rg5 Ra6 135. Rg7 Rb6 136. Ke7 Bg6 137. Kd8
Bf5 138. Kc7 Rb1 139. Rg5 Rc1+ 140. Kb6 Ke4 141. Rh5 Be6 142. Rc5 Rd1 143. Kc6
Bd5+ 144. Kb6 Ke5 145. Rb5 Kd6 146. Rb2 Rc1 147. Kb5 Rc8 148. Kb4 Rc4+ 149. Kb5
Rd4 150. Rb1 Be4 151. Rb2 Bd3+ 152. Kb6 Ra4 153. Rb3 Bc4 154. Rb2 Ra8 155. Rb4
Rc8 156. Kb7 Rc7+ 157. Kb6 Rc6+ 158. Kb7 Ba6+ 159. Ka7 Kc5 160. Rb2 Rh6 161.
Rb8 Bb5 162. Rb7 Bc6 163. Rg7 Rh8 164. Ka6 Rh1 165. Rg5+ Bd5 166. Ka7 Rh8
1/2-1/2

[Event "Kurnosov Memorial 2020"]
[Site "?"]
[Date "2020.09.04"]
[Round "4.1"]
[White "Timofeev, Artyom"]
[Black "Shimanov, Aleksandr"]
[Result "1-0"]
[WhiteElo "2597"]
[BlackElo "2678"]
[PlyCount "94"]
[EventDate "2020.??.??"]

1. e4 c6 2. d4 d5 3. f3 g6 4. Nc3 Bg7 5. Be3 Qb6 6. Rb1 dxe4 7. Nxe4 Nf6 8. Qd2
Nbd7 9. Bc4 Nd5 10. Bf2 O-O 11. Ne2 N7f6 12. O-O Bf5 13. N2g3 Bd7 14. Bb3 Qc7
15. Nc5 Rad8 16. Rfe1 Bc8 17. Nd3 e6 18. c3 b6 19. Ne4 Ba6 20. Bg3 Qc8 21. Bh4
Bxd3 22. Qxd3 Rd7 23. Rbd1 b5 24. Nc5 Rdd8 25. Qe2 Rde8 26. a4 a6 27. axb5 axb5
28. Bg3 Rd8 29. Ra1 Nd7 30. Ne4 N7b6 31. Ra7 Rd7 32. Ra2 Qe8 33. Bd6 Ne7 34.
Rea1 Qd8 35. Bc5 Re8 36. Ra6 Nec8 37. f4 Qc7 38. g3 Nd5 39. Ra8 Rdd8 40. Kh1
Ndb6 41. R8a6 Nd7 42. Qf3 Nxc5 43. Nxc5 Nb6 44. Ra7 Qc8 45. Rb7 Nd7 46. Raa7
Nxc5 47. dxc5 Rf8 1-0

[Event "Kurnosov Memorial 2020"]
[Site "?"]
[Date "2020.09.04"]
[Round "4.2"]
[White "Goganov, Aleksey"]
[Black "Predke, Alexandr"]
[Result "1/2-1/2"]
[WhiteElo "2575"]
[BlackElo "2645"]
[PlyCount "51"]
[EventDate "2020.??.??"]

1. e4 c6 2. d4 d5 3. e5 c5 4. dxc5 e6 5. Nf3 Bxc5 6. Bd3 Ne7 7. O-O Nbc6 8. a3
a5 9. Bf4 h6 10. Qe2 O-O 11. Nc3 Ng6 12. Bg3 f5 13. exf6 Qxf6 14. Bxg6 Qxg6 15.
Nb5 b6 16. a4 Ba6 17. Rfe1 Rae8 18. c3 e5 19. Qd2 Qf7 20. Rad1 e4 21. Nc7 Bc4
22. Nxe8 Rxe8 23. Nd4 Nxd4 24. cxd4 Bb4 25. Qe3 Rc8 26. b3 1/2-1/2

[Event "Kurnosov Memorial 2020"]
[Site "?"]
[Date "2020.09.04"]
[Round "4.4"]
[White "Chigaev, Maksim"]
[Black "Lysyj, Igor"]
[Result "1/2-1/2"]
[WhiteElo "2635"]
[BlackElo "2626"]
[PlyCount "25"]
[EventDate "2020.??.??"]

1. d4 d5 2. c4 c6 3. Nf3 Nf6 4. Nc3 e6 5. e3 Nbd7 6. Qc2 b6 7. b3 Bb7 8. Bd3
Bd6 9. Bb2 Qe7 10. O-O O-O 11. Rfe1 c5 12. cxd5 exd5 13. Rad1 1/2-1/2

[Event "Kurnosov Memorial 2020"]
[Site "?"]
[Date "2020.09.04"]
[Round "4.5"]
[White "Iljiushenok, Ilia"]
[Black "Demchenko, Anton"]
[Result "1/2-1/2"]
[WhiteElo "2443"]
[BlackElo "2631"]
[PlyCount "91"]
[EventDate "2020.??.??"]

1. e4 e5 2. Nf3 Nc6 3. Bb5 a6 4. Ba4 Nge7 5. c3 d6 6. d4 Bd7 7. Be3 h6 8. Nbd2
Ng6 9. O-O Be7 10. Re1 O-O 11. Nf1 b5 12. Bc2 exd4 13. Nxd4 Nxd4 14. Bxd4 Re8
15. Ng3 Bf6 16. a4 Bxd4 17. cxd4 Qg5 18. Qf3 Qf4 19. Qc3 c5 20. dxc5 dxc5 21.
axb5 axb5 22. Rxa8 Rxa8 23. e5 b4 24. Qd3 Be6 25. Qd6 Nf8 26. Ne4 b3 27. g3 Qg4
28. Bd1 Qg6 29. Nxc5 Ra1 30. Kg2 Rb1 31. Qd4 Bf5 32. Re3 Ne6 33. Nxe6 Qxe6 34.
g4 Bc2 35. Bf3 Qa6 36. Be2 Qc6+ 37. Bf3 Qa6 38. Be2 Qa1 39. Qd8+ Kh7 40. Bd3+
Bxd3 41. Qxd3+ Kg8 42. Qd8+ Kh7 43. Qd3+ Kg8 44. Qd8+ Kh7 45. Qd3+ Kg8 46. Qd8+
1/2-1/2

[Event "Kurnosov Memorial 2020"]
[Site "?"]
[Date "2020.09.04"]
[Round "4.6"]
[White "Esipenko, Andrey"]
[Black "Vitiugov, Nikita"]
[Result "1/2-1/2"]
[WhiteElo "2629"]
[BlackElo "2616"]
[PlyCount "116"]
[EventDate "2020.??.??"]

1. c4 b6 2. Nc3 Bb7 3. d4 e6 4. Nf3 Bb4 5. Qc2 f5 6. g3 Be4 7. Qb3 a5 8. Bg2
Nc6 9. Qd1 Bxc3+ 10. bxc3 Nf6 11. O-O O-O 12. Bh3 Ne7 13. Nd2 Bb7 14. f3 Qe8
15. Bg2 d6 16. e4 fxe4 17. fxe4 Ng6 18. Bb2 Rf7 19. Qc2 e5 20. Rae1 Qc6 21. c5
bxc5 22. d5 Qd7 23. c4 a4 24. Bc3 Ne7 25. Nf3 Ng6 26. Ng5 Re7 27. Bh3 Qe8 28.
Be6+ Kh8 29. Qg2 Bc8 30. Bf5 Kg8 31. Nf3 Ba6 32. Nd2 Rb8 33. Rb1 Nf8 34. Rxb8
Qxb8 35. Rb1 Qa8 36. Qe2 Bc8 37. Nf1 g6 38. Bxc8 Qxc8 39. Kg2 N8d7 40. Ba5 Rf7
41. Nd2 c6 42. Bc3 Qa6 43. Re1 cxd5 44. cxd5 Qxe2+ 45. Rxe2 Nb6 46. Ba5 Nc8 47.
Nc4 Rb7 48. Bd8 Nd7 49. Rb2 Rb4 50. Rxb4 cxb4 51. Ba5 b3 52. axb3 axb3 53. Kf3
Nc5 54. Ke3 Na4 55. Kd2 Nc5 56. Ke3 Na4 57. Kd2 Nc5 58. Ke3 Na4 1/2-1/2

[Event "Kurnosov Memorial 2020"]
[Site "?"]
[Date "2020.09.04"]
[Round "4.7"]
[White "Artemiev, Vladislav"]
[Black "Drygalov, Andrey"]
[Result "1/2-1/2"]
[WhiteElo "2769"]
[BlackElo "2519"]
[PlyCount "78"]
[EventDate "2020.??.??"]

1. d4 Nf6 2. Nf3 g6 3. Bg5 Bg7 4. Nbd2 O-O 5. e3 d6 6. Bc4 b6 7. O-O Bb7 8. c3
Nbd7 9. Re1 e5 10. e4 Qe8 11. Qc2 Kh8 12. a4 a6 13. Rad1 h6 14. Bh4 Nh5 15. Bd3
Nf4 16. Bf1 Ne6 17. dxe5 Nxe5 18. Nd4 Nd7 19. b4 Rc8 20. Nf5 gxf5 21. exf5 Be5
22. fxe6 fxe6 23. Bg3 Bxg3 24. hxg3 e5 25. Nc4 Nf6 26. Ne3 Ne4 27. Re2 Qh5 28.
Rde1 Qg5 29. Nd1 Nf6 30. Qd2 Qg6 31. c4 Qh5 32. Ne3 Rcd8 33. f3 Qg5 34. Nd1 Qg6
35. Nf2 Kg7 36. Kh2 Qh5+ 37. Kg1 Qg6 38. Kh2 Qh5+ 39. Kg1 Qg6 1/2-1/2

[Event "Kurnosov Memorial 2020"]
[Site "?"]
[Date "2020.09.04"]
[Round "4.8"]
[White "Ponkratov, Pavel"]
[Black "Savchenko, Boris"]
[Result "0-1"]
[WhiteElo "2683"]
[BlackElo "2552"]
[PlyCount "82"]
[EventDate "2020.??.??"]

1. d4 Nf6 2. c4 g6 3. Nc3 d5 4. cxd5 Nxd5 5. e4 Nxc3 6. bxc3 Bg7 7. Be3 c5 8.
Nf3 Nc6 9. Rc1 Qa5 10. d5 Ne5 11. Nxe5 Bxe5 12. Qd2 Bg7 13. c4 Qxd2+ 14. Kxd2
b6 15. Bd3 f5 16. exf5 gxf5 17. Rhe1 Bf6 18. a4 Kf7 19. Bf4 Bd7 20. Bc2 e6 21.
Bd1 exd5 22. cxd5 Rad8 23. Bh5+ Kg7 24. Rc3 Be8 25. Rg3+ Bg6 26. d6 Rhe8 27.
Rxe8 Rxe8 28. Bxg6 hxg6 29. d7 Rd8 30. Rd3 Bd4 31. f3 Kf6 32. Kc2 Rxd7 33. Kb3
g5 34. Bc1 Re7 35. h3 Re2 36. g3 Rh2 37. f4 gxf4 38. Bxf4 Ke6 39. Kc4 Rb2 40.
Bd2 a6 41. Rb3 b5+ 0-1

[Event "Kurnosov Memorial 2020"]
[Site "?"]
[Date "2020.09.04"]
[Round "4.9"]
[White "Rakhmanov, Aleksandr"]
[Black "Belyakov, Bogdan"]
[Result "1-0"]
[WhiteElo "2665"]
[BlackElo "2497"]
[PlyCount "67"]
[EventDate "2020.??.??"]

1. Nf3 Nf6 2. g3 g6 3. Bg2 Bg7 4. d4 O-O 5. O-O d6 6. b3 a5 7. a4 Nc6 8. Bb2
Bf5 9. Nbd2 Qc8 10. Re1 Bh3 11. e4 Bxg2 12. Kxg2 e6 13. e5 dxe5 14. dxe5 Nd5
15. Ne4 Rd8 16. Qc1 Ncb4 17. h4 Qd7 18. h5 Qc6 19. Re2 h6 20. Nd4 Qb6 21. hxg6
fxg6 22. Qh1 Rf8 23. Qh3 Rae8 24. Rd1 c5 25. Nb5 Qc6 26. c4 Rf5 27. Nbd6 Ref8
28. cxd5 Nxd5 29. Kg1 Qa6 30. Red2 Ne3 31. fxe3 Rf3 32. Nf6+ Bxf6 33. exf6 Kh7
34. Qxe6 1-0

[Event "Kurnosov Memorial 2020"]
[Site "?"]
[Date "2020.09.04"]
[Round "4.10"]
[White "Kokarev, Dmitry"]
[Black "Girya, Olga"]
[Result "0-1"]
[WhiteElo "2648"]
[BlackElo "2471"]
[PlyCount "144"]
[EventDate "2020.??.??"]

1. e4 c6 2. d4 d5 3. Nd2 dxe4 4. Nxe4 Nf6 5. Nxf6+ exf6 6. Nf3 Bd6 7. Bd3 O-O
8. O-O Bg4 9. h3 Bh5 10. Bf5 Na6 11. c3 Nc7 12. Qd3 Bg6 13. Bxg6 hxg6 14. Bd2
Qd7 15. Rfe1 Rad8 16. Rad1 Ne6 17. Bc1 Qc7 18. Qc2 Rfe8 19. Re2 Bf4 20. Rde1
Bxc1 21. Qxc1 Qa5 22. a3 Qf5 23. Qc2 Qxc2 24. Rxc2 Nf4 25. Rxe8+ Rxe8 26. Kf1
g5 27. a4 g6 28. Rd2 Kf8 29. Rd1 Rd8 30. Nd2 f5 31. a5 a6 32. Nb3 Ne6 33. Ke2
Ke7 34. Ke3 f4+ 35. Ke2 f5 36. Nc1 Rd5 37. b4 Kf6 38. Nd3 Rd7 39. Nc5 Nxc5 40.
bxc5 g4 41. hxg4 fxg4 42. Rh1 Kf5 43. Kd3 Re7 44. c4 g3 45. f3 Re3+ 46. Kd2 Ra3
47. Rh7 Rxf3 48. Rf7+ Ke6 49. Rxb7 Rf2+ 50. Kc3 f3 51. d5+ cxd5 52. Rb6+ Kf7
53. Rb1 fxg2 54. Rg1 dxc4 55. Kxc4 Ke6 56. Kd4 Rd2+ 57. Kc3 Ra2 58. Kb3 Rf2 59.
Kc4 Rf4+ 60. Kd3 Kd5 61. Rxg2 Rf3+ 62. Ke2 Ra3 63. Rg1 Kxc5 64. Rb1 Rxa5 65.
Kf3 Ra3+ 66. Kg2 a5 67. Re1 Rc3 68. Re6 a4 69. Rxg6 a3 70. Ra6 Kb4 71. Ra8 Kb3
72. Rb8+ Kc2 0-1

[Event "Kurnosov Memorial 2020"]
[Site "?"]
[Date "2020.09.04"]
[Round "4.11"]
[White "Sjugirov, Sanan"]
[Black "Matinian, Nikita"]
[Result "1-0"]
[WhiteElo "2640"]
[BlackElo "2455"]
[PlyCount "95"]
[EventDate "2020.??.??"]

1. e4 g6 2. d4 d6 3. Nf3 Bg7 4. c3 Nf6 5. Bd3 O-O 6. O-O Nc6 7. h3 e5 8. Re1
Re8 9. Bc2 d5 10. exd5 Nxd5 11. dxe5 Nxe5 12. Nxe5 Bxe5 13. Na3 Bf4 14. Bxf4
Rxe1+ 15. Qxe1 Nxf4 16. Qe5 Qh4 17. Nb5 Bxh3 18. g3 Qh5 19. Qxh5 Nxh5 20. Nxc7
Rd8 21. Rd1 Rxd1+ 22. Bxd1 Nf6 23. Nb5 a6 24. Nd6 b6 25. Be2 a5 26. Nc4 Be6 27.
Nxb6 Bxa2 28. Bc4 Bb1 29. Bb3 Bd3 30. Nc8 Ne4 31. Ne7+ Kg7 32. Nc6 f5 33. Nxa5
Kf6 34. Nc6 h5 35. Nb4 Nc5 36. Bd1 Bc4 37. Nc6 Nd3 38. b3 Nb2 39. Bc2 Bd5 40.
Nd4 Ke5 41. f4+ Kd6 42. Kf2 Kc5 43. Ke3 Bf7 44. Kd2 g5 45. fxg5 f4 46. gxf4 h4
47. Kc1 h3 48. Nf3 1-0

[Event "Kurnosov Memorial 2020"]
[Site "?"]
[Date "2020.09.04"]
[Round "4.12"]
[White "Sarana, Alexey"]
[Black "Naumkin, Igor"]
[Result "1/2-1/2"]
[WhiteElo "2618"]
[BlackElo "2449"]
[PlyCount "151"]
[EventDate "2020.??.??"]

1. d4 Nf6 2. c4 e6 3. Nf3 b6 4. g3 Bb7 5. Bg2 Be7 6. O-O O-O 7. Nc3 Ne4 8. Bd2
f5 9. d5 Bf6 10. Rc1 Na6 11. a3 Nac5 12. b4 Nxc3 13. Bxc3 Ne4 14. Bxf6 Qxf6 15.
Nd4 a5 16. e3 axb4 17. axb4 c5 18. dxc6 dxc6 19. c5 bxc5 20. bxc5 Ba6 21. Re1
e5 22. Qb3+ Kh8 23. Nf3 Bb5 24. Qb2 Rae8 25. Nd2 Nxd2 26. Qxd2 e4 27. Qb4 Bd3
28. Red1 Rb8 29. Qa5 h6 30. Bf1 Rfd8 31. h4 Rd5 32. Qc3 Qxc3 33. Rxc3 Bc4 34.
Rxd5 Bxd5 35. Bh3 g6 36. g4 fxg4 37. Bxg4 Kg7 38. Kg2 Kf6 39. Rc1 Ke5 40. Kg3
Rb5 41. h5 gxh5 42. Bxh5 Kf5 43. Be2 Ra5 44. Rh1 Kg5 45. Rc1 Kf5 46. Bf1 Kg5
47. Bg2 h5 48. Rh1 Rxc5 49. Rh4 Rc4 50. Rf4 Ra4 51. Bh3 Ra1 52. Rf5+ Kg6 53.
Re5 Ra2 54. Bd7 h4+ 55. Kg2 Rc2 56. Bg4 Rb2 57. Rh5 Be6 58. Rxh4 Bxg4 59. Rxg4+
Kf5 60. Rh4 Rc2 61. Rh5+ Ke6 62. Kg3 c5 63. Rh8 c4 64. Re8+ Kf5 65. Rc8 Ke5 66.
Rd8 Kf5 67. Rf8+ Ke5 68. Kg4 c3 69. Kg3 Re2 70. Re8+ Kd5 71. Rc8 c2 72. Rc3 Ke5
73. Kg2 Rd2 74. Rc8 Kf5 75. Rc5+ Ke6 76. Kg3 1/2-1/2

[Event "Kurnosov Memorial 2020"]
[Site "?"]
[Date "2020.09.05"]
[Round "5.1"]
[White "Rakhmanov, Aleksandr"]
[Black "Timofeev, Artyom"]
[Result "1/2-1/2"]
[WhiteElo "2665"]
[BlackElo "2597"]
[PlyCount "64"]
[EventDate "2020.??.??"]

1. d4 d5 2. c4 e6 3. Nc3 c6 4. e3 Nf6 5. Bd2 Be7 6. Nf3 O-O 7. Qc2 b6 8. e4
dxc4 9. Bxc4 Ba6 10. Bxa6 Nxa6 11. Qa4 Qc8 12. O-O Qb7 13. Bg5 h6 14. Bh4 b5
15. Qc2 c5 16. dxc5 Nxc5 17. e5 Nd5 18. Nxd5 exd5 19. Bxe7 Qxe7 20. Nd4 Rfc8
21. Rac1 Qxe5 22. Rfd1 a6 23. b4 Ne6 24. Nc6 Qf6 25. Rxd5 Re8 26. Rd6 h5 27.
Qd2 h4 28. h3 Qf5 29. Rd5 Qf6 30. Rd6 Qf5 31. Rd5 Qf6 32. Rd6 Qf5 1/2-1/2

[Event "Kurnosov Memorial 2020"]
[Site "?"]
[Date "2020.09.05"]
[Round "5.2"]
[White "Predke, Alexandr"]
[Black "Bocharov, Dmitry"]
[Result "1/2-1/2"]
[WhiteElo "2645"]
[BlackElo "2608"]
[PlyCount "116"]
[EventDate "2020.??.??"]

1. d4 Nf6 2. Nf3 e6 3. g3 b5 4. Bg2 Bb7 5. O-O Be7 6. Qd3 a6 7. Bg5 d5 8. Nbd2
Nbd7 9. c3 c5 10. a4 O-O 11. axb5 c4 12. Qc2 axb5 13. Rxa8 Qxa8 14. Ne5 Qd8 15.
Nxd7 Qxd7 16. Ra1 Ra8 17. Qb1 Qd8 18. Ra2 h6 19. Bxf6 Bxf6 20. e4 Bg5 21. f4
Be7 22. Qa1 dxe4 23. Rxa8 Bxa8 24. Nxe4 Bd5 25. Qa7 Bf8 26. h4 Qc8 27. Nd2 Qc6
28. Bxd5 Qxd5 29. Kf2 Qf5 30. Nf3 Qc2+ 31. Kg1 Qxb2 32. Ne5 Qb1+ 33. Kh2 Qc2+
34. Kg1 Qf5 35. Qb8 Qb1+ 36. Kh2 Qc2+ 37. Kh3 Qe4 38. Qe8 Qh1+ 39. Kg4 Qd1+ 40.
Kh3 Qh1+ 41. Kg4 Qb7 42. d5 Qe7 43. Qxb5 h5+ 44. Kf3 Qa3 45. Qxc4 exd5 46. Qxd5
Qxc3+ 47. Kg2 Qc2+ 48. Kh3 Qf5+ 49. Kg2 Qc2+ 50. Kf3 Qc3+ 51. Nd3 g6 52. f5 Kg7
53. fxg6 fxg6 54. Ke4 Qc2 55. Ke3 Qc3 56. Ke4 Qc2 57. Ke3 Qc3 58. Ke4 Qc2
1/2-1/2

[Event "Kurnosov Memorial 2020"]
[Site "?"]
[Date "2020.09.05"]
[Round "5.3"]
[White "Pridorozhni, Aleksei"]
[Black "Sjugirov, Sanan"]
[Result "0-1"]
[WhiteElo "2589"]
[BlackElo "2640"]
[PlyCount "100"]
[EventDate "2020.??.??"]

1. e4 c5 2. Nc3 Nc6 3. Bb5 Nd4 4. Bc4 a6 5. a4 g6 6. Nf3 Bg7 7. Nxd4 cxd4 8.
Qf3 e6 9. Ne2 Ne7 10. d3 O-O 11. h4 d5 12. Bb3 dxe4 13. dxe4 Nc6 14. h5 Ne5 15.
Qg3 d3 16. Bf4 dxe2 17. Bxe5 Qa5+ 18. Bc3 Bxc3+ 19. Qxc3 Qxc3+ 20. bxc3 Bd7 21.
Kxe2 Rac8 22. Rad1 Rc7 23. Rd3 Rfc8 24. Kd2 Be8 25. h6 Rc5 26. f4 Bc6 27. Ke3
Kf8 28. Rh2 Ke7 29. g4 g5 30. e5 Rg8 31. Rh5 gxf4+ 32. Kxf4 Ra5 33. Rd4 Rc5 34.
Rh3 f6 35. exf6+ Kxf6 36. Rd6 Re5 37. Re3 Rxg4+ 38. Kxg4 Rxe3 39. Kf4 Re4+ 40.
Kg3 a5 41. c4 Re5 42. Kf4 Rf5+ 43. Ke3 Ke7 44. Rd1 Rh5 45. Kd4 Rxh6 46. Kc5 Rg6
47. Kb6 h5 48. Rd2 Bg2 49. Kc7 h4 50. Rd7+ Kf6 0-1

[Event "Kurnosov Memorial 2020"]
[Site "?"]
[Date "2020.09.05"]
[Round "5.4"]
[White "Demidov, Mikhail"]
[Black "Zvjaginsev, Vadim"]
[Result "1/2-1/2"]
[WhiteElo "2636"]
[BlackElo "2585"]
[PlyCount "68"]
[EventDate "2020.??.??"]

1. Nf3 d5 2. d4 e6 3. c4 a6 4. e3 Nf6 5. b3 c5 6. Bb2 cxd4 7. Nxd4 Bb4+ 8. Nd2
O-O 9. a3 Ba5 10. b4 Bc7 11. cxd5 exd5 12. g3 Bg4 13. Qb3 Nc6 14. Bg2 Nxd4 15.
Bxd4 Bb6 16. Qb2 Bxd4 17. Qxd4 Rc8 18. O-O Qc7 19. h3 Bd7 20. Nb3 Qc3 21. Qxc3
Rxc3 22. Nc5 Bb5 23. Rfc1 Rxc1+ 24. Rxc1 Rc8 25. Rd1 b6 26. Nd3 Rc3 27. Nf4
Rxa3 28. Nxd5 Nxd5 29. Rxd5 Rd3 30. Rf5 Bd7 31. Rf4 a5 32. bxa5 bxa5 33. Rc4 a4
34. Bc6 Bxh3 1/2-1/2

[Event "Kurnosov Memorial 2020"]
[Site "?"]
[Date "2020.09.05"]
[Round "5.5"]
[White "Savchenko, Boris"]
[Black "Chigaev, Maksim"]
[Result "1-0"]
[WhiteElo "2552"]
[BlackElo "2635"]
[PlyCount "101"]
[EventDate "2020.??.??"]

1. e4 e5 2. Nf3 Nc6 3. Bc4 Bc5 4. c3 Nf6 5. d3 d6 6. Nbd2 h6 7. h3 a5 8. Nf1
Be6 9. Ng3 O-O 10. Bxe6 fxe6 11. a4 Qe8 12. Qe2 Nh5 13. Nxh5 Qxh5 14. Be3 Bxe3
15. fxe3 Rf6 16. O-O Raf8 17. Qc2 Qe8 18. Qb3 Qa8 19. d4 exd4 20. exd4 Kh8 21.
Qb5 b6 22. Qc4 Qe8 23. Nh4 Rxf1+ 24. Rxf1 Rxf1+ 25. Kxf1 Qf7+ 26. Ke2 Nd8 27.
Ke3 d5 28. Qb5 Nb7 29. e5 Nd8 30. b4 Kh7 31. bxa5 bxa5 32. Qxa5 Qf1 33. Nf3 Nc6
34. Qc5 Qa6 35. Qa3 Na5 36. Qa1 Qb6 37. Qa2 c5 38. Qc2+ Kh8 39. g4 Nc4+ 40. Kf2
cxd4 41. cxd4 Qb4 42. g5 Qa3 43. Qg6 Qe3+ 44. Kg3 hxg5 45. Qxg5 Qd3 46. Qh5+
Kg8 47. Qe8+ Kh7 48. Qxe6 Nd2 49. Qxd5 Qe3 50. e6 Ne4+ 51. Qxe4+ 1-0